|
|
|
|
| LEADER |
00000naa2a2200000 4500 |
| 001 |
629102 |
| 005 |
20231101133538.0 |
| 035 |
|
|
|a (RuTPU)RU\TPU\conf\29544
|
| 035 |
|
|
|a RU\TPU\conf\29543
|
| 090 |
|
|
|a 629102
|
| 100 |
|
|
|a 20190130d2019 k y0rusy50 ca
|
| 101 |
0 |
|
|a rus
|
| 102 |
|
|
|a RU
|
| 105 |
|
|
|a y z 101zy
|
| 135 |
|
|
|a drgn ---uucaa
|
| 181 |
|
0 |
|a i
|
| 182 |
|
0 |
|a b
|
| 200 |
1 |
|
|a Разработка Android-приложения для управления комплексом автоматического пилотирования колесной платформы
|f В. И. Рот
|g науч. рук. Е. С. Чердынцев
|
| 203 |
|
|
|a Текст
|c электронный
|
| 225 |
1 |
|
|a Автоматизация и управление в технических системах
|
| 230 |
|
|
|a 1 компьютерный файл (pdf; 368 Кb)
|
| 300 |
|
|
|a Заглавие с титульного экрана
|
| 320 |
|
|
|a [Библиогр.: с. 218 (3 назв.)]
|
| 463 |
|
0 |
|0 (RuTPU)RU\TPU\conf\29427
|t Молодежь и современные информационные технологии
|o сборник трудов XVI Международной научно-практической конференции студентов, аспирантов и молодых учёных, 3-7 декабря 2018 г., г. Томск
|f Национальный исследовательский Томский политехнический университет, Инженерная школа информационных технологий и робототехники ; под ред. Д. М. Сонькина [и др.]
|v [С. 217-218]
|d 2019
|
| 610 |
1 |
|
|a электронный ресурс
|
| 610 |
1 |
|
|a труды учёных ТПУ
|
| 610 |
1 |
|
|a Android
|
| 610 |
1 |
|
|a комплексы
|
| 610 |
1 |
|
|a пилотирование
|
| 610 |
1 |
|
|a платформы
|
| 610 |
1 |
|
|a мобильные системы
|
| 610 |
1 |
|
|a промышленные роботы
|
| 610 |
1 |
|
|a автономные системы
|
| 610 |
1 |
|
|a ПЛИС
|
| 610 |
1 |
|
|a микроконтроллеры
|
| 700 |
|
1 |
|a Рот
|b В. И.
|
| 702 |
|
1 |
|a Чердынцев
|b Е. С.
|c специалист в области информатики и вычислительной техники
|c доцент Томского политехнического университета, кандидат технических наук
|f 1953-
|g Евгений Сергеевич
|2 stltpush
|4 727
|
| 712 |
0 |
2 |
|a Национальный исследовательский Томский политехнический университет
|b Инженерная школа информационных технологий и робототехники
|b Отделение информационных технологий
|h 7951
|2 stltpush
|3 (RuTPU)RU\TPU\col\23515
|
| 801 |
|
2 |
|a RU
|b 63413507
|c 20201229
|g RCR
|
| 856 |
4 |
|
|u http://earchive.tpu.ru/handle/11683/52717
|
| 942 |
|
|
|c BK
|